Supplement of the Bulletin of Labour Statistics

Guardado en:
Detalles Bibliográficos
Formato: Seriadas
Lenguaje:inglés
Publicado: Geneva International Labour Office 2003
Materias:
Etiquetas: Agregar Etiqueta
Sin Etiquetas, Sea el primero en etiquetar este registro!

MARC

LEADER 00000nas2a22000001 4500
001 0052842
005 20070202145644.3
022 |a 0378-5505 
041 0 |a eng 
044 |a CH 
245 1 0 |a Supplement of the Bulletin of Labour Statistics 
264 1 |a Geneva  |b International Labour Office  |c 2003 
773 0 |w eu_un_cat*s120238 
610 2 0 |a práca 
610 2 0 |a zamestnanosť 
610 2 0 |a údaje štatistické